000 00741nam a22001817a 4500
999 _c17660
_d17660
003 AR-CdUCM
008 190509b ||||| |||| 00| 0 spa d
040 _aMUNICIPALIDAD PROVINCIAL DEL CUSCO
_cBIBLIOTECA MUNICIPAL DEL CUSCO
082 _a927.8 /
_bS76
100 _aStefan, Paul
_937796
245 _aBizet :
_bsu vida - su obra - su época /
260 _aMéxico, D.F. :
_bNacional,
_c1967.
300 _a270 páginas ;
_c18 cm.
505 _aContenido: Ubicación de Bizet -- La familia, los primeros años -- El judío Bizet -- París, Francia, el mundo de la infancia de Bizet -- Experiencias inmediatas de la familia Bizet -- Romanticismo francés...
650 _aHistoria
_9136
942 _2ddc
_cLIBROS
945 _aacv
_d2019-05-09